Santas y heroínas : libro escolar de lectura

Gespeichert in:
Bibliographische Detailangaben
1. Verfasser: Fernández Rodríguez, Antonio .
Format: Buch
Sprache:Spanisch
Erschienen: Madrid : Magisterio Español, [194?]
Katalog:MANES:  Suchergebnis im Bibliothekskatalog
Schulbuchspezifische Eigenschaften:
Tags: Tag hinzufügen
Keine Tags, Fügen Sie den ersten Tag hinzu!
Hinzugefügt zu:12.07.1999
Geändert in:07.05.2025

MARC

LEADER 00000cam a2200000 i 4500
003 OSt
005 20250507134358.0
008 990713q194u espa 000 0 spa d
040 |a uned  |b spa  |c entro-manes 
100 1 |a Fernández Rodríguez, Antonio .  |9 23705 
245 1 0 |a Santas y heroínas :   |b libro escolar de lectura /   |c Antonio Fernández Rodríguez 
260 |a Madrid :   |b Magisterio Español,   |c [194?] 
300 |a 166 p. :   |b il.  |c 13,5x19 cm 
500 |a En prólogo: "Selecciones hagiográficas proyectadas hacia la funcón docente". Libro ilustrado con grabados en blanco y negro. 
546 |a España 
561 |5 es-BUNED  |3 L.T. 3654  |a España. Fondo Manes UNED  |k MANES 
690 0 |a EyL  |a RyM 
691 0 |a PRI 
942 |2 ddc  |c BK 
999 |c 93065  |d 93065 
999 |c manes:93065  |d 93065